[Event "CP-2010-S-00001"]
[Site "LSS email"]
[Date "2013.05.01"]
[Round "?"]
[White "Ivanov, Valerij"]
[Black "Chukanov, Igor Anatolievich"]
[Result "1-0"]
[WhiteElo "2265"]
[BlackElo "2251"]
[PlyCount "83"]
[EventDate "2013.05.05"]
[EventType "tourn (corr)"]
[EventRounds "7"]
[EventCountry "GER"]
[SourceTitle "Telechess CBM 167"]
[Source "ChessBase"]
[SourceDate "2015.07.13"]
[SourceVersion "1"]
[SourceVersionDate "2015.07.13"]
[SourceQuality "1"]

1. e4 c5 2. Nf3 d6 3. d4 cxd4 4. Nxd4 Nf6 5. Nc3 a6 6. Be3 e6 7. a3 b5 8. g4 Bb7 9. Bg2 Be7 10. f4 d5 11. Qe2 Nxe4 12. Nxe4 dxe4 13. 0-0-0 Qc7 14. f5 e5 15. Nb3 Nd7 16. Kb1 b4 17. a4 0-0 18. g5 Rfd8 19. f6 gxf6 20. Qg4 f5 21. Qxf5 Rac8 22. Bxe4 Bxe4 23. Qxe4 Nf8 24. Rxd8 Rxd8 25. Rf1 Rc8 26. h4 Qc6 27. Qf5 Qe6 28. Qf3 Rc7 29. h5 Qc4 30. Rf2 Rd7 31. Rd2 Qe6 32. Qe4 Rd6 33. Rxd6 Qxd6 34. Bc5 Qd1+ 35. Ka2 Bxc5 36. Nxc5 Qd6 37. Nd3 Ne6 38. h6 Nxg5 39. Qa8+ Qf8 40. Qxa6 Ne6 41. Qb6 Qxh6 42. a5 1-0

[Event "CP-2010-S-00001"]
[Site "LSS email"]
[Date "2013.05.01"]
[Round "?"]
[White "Ivanov, Valerij"]
[Black "Gubo, Jozef"]
[Result "1-0"]
[WhiteElo "2265"]
[BlackElo "1951"]
[PlyCount "97"]
[EventDate "2013.05.05"]
[EventType "tourn (corr)"]
[EventRounds "7"]
[EventCountry "GER"]
[SourceTitle "Telechess CBM 167"]
[Source "ChessBase"]
[SourceDate "2015.07.13"]
[SourceVersion "1"]
[SourceVersionDate "2015.07.13"]
[SourceQuality "1"]

1. d4 Nf6 2. c4 g6 3. Nc3 Bg7 4. e4 d6 5. Be2 0-0 6. Nf3 e5 7. d5 a5 8. Bg5 h6 9. Be3 Ng4 10. Bc1 Na6 11. 0-0 f5 12. Ne1 Nf6 13. f3 f4 14. Nd3 Nd7 15. Nf2 Bf6 16. a3 Nac5 17. b3 Nb6 18. Bb2 Bd7 19. Nd3 Na6 20. Qc2 c6 21. Rab1 Qc7 22. Rfc1 Be8 23. Qd1 Qd8 24. Ba1 Kg7 25. dxc6 Bxc6 26. b4 axb4 27. axb4 Nc7 28. c5 dxc5 29. b5 Bd7 30. Nxc5 Ne6 31. N3a4 Nxa4 32. Nxd7 Re8 33. b6 Re7 34. Nxe5 Qxd1+ 35. Rxd1 Nec5 36. Nc4 Nc3 37. Bxc3 Bxc3 38. Rd5 Ne6 39. h4 Rd8 40. Nd6 Bd4+ 41. Kh2 h5 42. Bc4 Kf6 43. e5+ Bxe5 44. Ne4+ Kf5 45. Rbb5 Rxd5 46. Rxd5 Nf8 47. Kh3 Rd7 48. Rb5 Rd1 49. Kh2 1-0

[Event "BI-2013-P-00011"]
[Site "LSS email"]
[Date "2013.04.22"]
[Round "?"]
[White "Ivanov, Valerij"]
[Black "Garcia, Javier N"]
[Result "1-0"]
[WhiteElo "2273"]
[BlackElo "783"]
[PlyCount "41"]
[EventDate "2013.04.25"]
[EventType "tourn (corr)"]
[EventRounds "10"]
[EventCountry "GER"]
[SourceTitle "Telechess CBM 167"]
[Source "ChessBase"]
[SourceDate "2015.07.13"]
[SourceVersion "1"]
[SourceVersionDate "2015.07.13"]
[SourceQuality "1"]

1. d4 d5 2. c4 c6 3. Nf3 Nf6 4. e3 Bg4 5. h3 Bh5 6. Bd3 Ne4 7. cxd5 cxd5 8. Nc3 f5 9. Qb3 e6 10. Qxb7 Nd7 11. Bb5 Bb4 12. Bxd7+ Qxd7 13. Qxa8+ Qd8 14. Qxd8+ Kxd8 15. Bd2 Bxf3 16. Nxe4 Bxd2+ 17. Nxd2 Bxg2 18. Rg1 Bxh3 19. Rxg7 h5 20. Nf3 Bg4 21. Ne5 1-0

[Event "BI-2013-P-00011"]
[Site "LSS email"]
[Date "2013.04.22"]
[Round "?"]
[White "Mueller, Bernd"]
[Black "Ivanov, Valerij"]
[Result "0-1"]
[WhiteElo "1441"]
[BlackElo "2273"]
[PlyCount "72"]
[EventDate "2013.04.25"]
[EventType "tourn (corr)"]
[EventRounds "10"]
[EventCountry "GER"]
[SourceTitle "Telechess CBM 167"]
[Source "ChessBase"]
[SourceDate "2015.07.13"]
[SourceVersion "1"]
[SourceVersionDate "2015.07.13"]
[SourceQuality "1"]

1. e4 e6 2. d4 d5 3. exd5 exd5 4. Nc3 Nf6 5. Bg5 Be7 6. Bb5+ c6 7. Bd3 0-0 8. Nge2 Re8 9. 0-0 Nbd7 10. Re1 Nf8 11. Qd2 Ne6 12. Bh4 Bd7 13. Bf5 h6 14. a3 b5 15. f3 Ng5 16. Ng3 Nfh7 17. Bxg5 Nxg5 18. Bxd7 Qxd7 19. f4 Nh7 20. Qd3 Bd6 21. Rf1 Qc7 22. Nce2 Nf6 23. Nf5 Bf8 24. a4 b4 25. Rac1 Re6 26. Neg3 g6 27. Nh4 Ng4 28. Rf3 Rae8 29. f5 Re1+ 30. Rf1 R1e3 31. fxg6 Rxd3 32. gxf7+ Qxf7 33. Rxf7 Rxd4 34. Rf5 Bc5 35. Kh1 Rc4 36. b3 Rc3 0-1

[Event "BI-2013-P-00011"]
[Site "LSS email"]
[Date "2013.04.22"]
[Round "?"]
[White "Sikorski, Roman"]
[Black "Ivanov, Valerij"]
[Result "0-1"]
[WhiteElo "1864"]
[BlackElo "2273"]
[PlyCount "96"]
[EventDate "2013.04.25"]
[EventType "tourn (corr)"]
[EventRounds "10"]
[EventCountry "GER"]
[SourceTitle "Telechess CBM 167"]
[Source "ChessBase"]
[SourceDate "2015.07.13"]
[SourceVersion "1"]
[SourceVersionDate "2015.07.13"]
[SourceQuality "1"]

1. e4 e5 2. Nf3 Nc6 3. Bc4 Nf6 4. Ng5 d5 5. exd5 Na5 6. Bb5+ c6 7. dxc6 bxc6 8. Be2 h6 9. Nf3 e4 10. Ne5 Bc5 11. c3 0-0 12. 0-0 Bd6 13. f4 exf3 14. Nxf3 c5 15. d4 Re8 16. Na3 cxd4 17. Nb5 Ba6 18. Nfxd4 Bc5 19. Bd3 Nc6 20. Kh1 Ne5 21. Be2 Ne4 22. Bf4 Bb7 23. Bf3 Nxf3 24. Qxf3 Rc8 25. Bxh6 Qd7 26. Bxg7 Kxg7 27. b4 Bxd4 28. Nxd4 f6 29. Kg1 Kh8 30. Rae1 Re7 31. Re3 Rxc3 32. Nf5 Rxe3 33. Qxe3 Re8 34. Qf3 Ng5 35. Qh5+ Nh7 36. Nd6 Re6 37. Nf7+ Kg7 38. Qh6+ Kxf7 39. Qxh7+ Ke8 40. Qh5+ Kd8 41. Rd1 Rd6 42. Qa5+ Ke7 43. Qc5 Qc6 44. Qxd6+ Qxd6 45. Rxd6 Kxd6 46. Kf2 Kd5 47. h4 Kc4 48. a3 Bd5 0-1

[Event "BI-2012-F-00001"]
[Site "LSS email"]
[Date "2013.02.15"]
[Round "?"]
[White "Oliveira, Diogo Luiz"]
[Black "Ivanov, Valerij"]
[Result "0-1"]
[WhiteElo "2123"]
[BlackElo "2273"]
[PlyCount "96"]
[EventDate "2013.02.20"]
[EventType "tourn (corr)"]
[EventRounds "10"]
[EventCountry "GER"]
[SourceTitle "Telechess CBM 163"]
[Source "ChessBase"]
[SourceDate "2014.11.11"]
[SourceVersion "2"]
[SourceVersionDate "2014.11.11"]
[SourceQuality "1"]

1. c4 e5 2. Nc3 Nf6 3. g3 Bc5 4. Bg2 Nc6 5. Nf3 d6 6. 0-0 0-0 7. a3 Nd4 8. Nxd4 Bxd4 9. Qc2 c6 10. Na4 a6 11. e3 Ba7 12. b4 h5 13. c5 d5 14. Bb2 Re8 15. f4 h4 16. gxh4 Ng4 17. h3 Nh6 18. fxe5 Qxh4 19. Rf4 Qg5 20. Kf2 Bf5 21. Qd1 Rad8 22. Qe2 d4 23. Rxd4 Bb8 24. Rxd8 Rxd8 25. d4 f6 26. e4 Bxe5 27. Kf1 Qf4+ 28. Qf2 Bxe4 29. Qxf4 Bxg2+ 30. Kxg2 Bxf4 31. Rf1 g5 32. Nb6 Nf5 33. Nc4 Kf7 34. Rd1 Bc7 35. Rd3 Ke6 36. Ne3 Bf4 37. Ng4 Ne7 38. Ne3 Nd5 39. Bc1 Bxe3 40. Bxe3 Kf5 41. Bc1 Ke4 42. Rd2 Nf4+ 43. Kg3 Nd3 44. Rc2 Rxd4 45. Bb2 Nxb2 46. Rxb2 Rd3+ 47. Kg4 f5+ 48. Kxg5 f4 0-1

[Event "CP-2011-Q-00013"]
[Site "LSS email"]
[Date "2013.01.14"]
[Round "?"]
[White "Ivanov, Valerij"]
[Black "Flores, Luis"]
[Result "1/2-1/2"]
[WhiteElo "2265"]
[BlackElo "2126"]
[PlyCount "49"]
[EventDate "2013.01.20"]
[EventType "tourn (corr)"]
[EventRounds "8"]
[EventCountry "GER"]
[SourceTitle "Telechess CBM 167"]
[Source "ChessBase"]
[SourceDate "2015.07.13"]
[SourceVersion "1"]
[SourceVersionDate "2015.07.13"]
[SourceQuality "1"]

1. d4 Nf6 2. Nf3 d5 3. c4 e6 4. Nc3 c6 5. e3 Nbd7 6. Bd3 dxc4 7. Bxc4 b5 8. Bd3 Bb7 9. a3 b4 10. axb4 Bxb4 11. Qe2 0-0 12. 0-0 c5 13. Rd1 Qb6 14. Bd2 cxd4 15. Nxd4 Ne5 16. Ba6 Rfc8 17. Bb5 Bf8 18. Na4 Qc7 19. f4 Nc6 20. Nb3 a6 21. Bc4 Nb4 22. Rdc1 Qd8 23. Nac5 Rxc5 24. Bxb4 Rcc8 25. Ba5 1/2-1/2

[Event "CP-2011-Q-00013"]
[Site "LSS email"]
[Date "2013.01.14"]
[Round "?"]
[White "Ivanov, Valerij"]
[Black "Zielinski, Sergej"]
[Result "1/2-1/2"]
[WhiteElo "2265"]
[BlackElo "2137"]
[PlyCount "57"]
[EventDate "2013.01.20"]
[EventType "tourn (corr)"]
[EventRounds "8"]
[EventCountry "GER"]
[SourceTitle "Telechess CBM 167"]
[Source "ChessBase"]
[SourceDate "2015.07.13"]
[SourceVersion "1"]
[SourceVersionDate "2015.07.13"]
[SourceQuality "1"]

1. d4 d5 2. c4 e6 3. Nf3 Nf6 4. Bg5 Be7 5. e3 0-0 6. Nc3 Nbd7 7. Rc1 c6 8. Bd3 dxc4 9. Bxc4 h6 10. Bh4 b5 11. Bd3 a6 12. a4 Bb7 13. 0-0 b4 14. Bxf6 Nxf6 15. Ne4 Nd7 16. Qe2 Qb6 17. Rfd1 Rfd8 18. Ned2 c5 19. Nc4 Qc7 20. Nfe5 a5 21. f4 Nf6 22. Kh1 Bd5 23. Nd2 Qa7 24. e4 Bb7 25. f5 exf5 26. Bc4 Rf8 27. dxc5 Bxc5 28. Nxf7 Kh7 29. Be6 1/2-1/2

[Event "CP-2011-Q-00013"]
[Site "LSS email"]
[Date "2013.01.14"]
[Round "?"]
[White "Koehler, Josef"]
[Black "Ivanov, Valerij"]
[Result "0-1"]
[WhiteElo "2024"]
[BlackElo "2265"]
[PlyCount "62"]
[EventDate "2013.01.20"]
[EventType "tourn (corr)"]
[EventRounds "8"]
[EventCountry "GER"]
[SourceTitle "Telechess CBM 167"]
[Source "ChessBase"]
[SourceDate "2015.07.13"]
[SourceVersion "1"]
[SourceVersionDate "2015.07.13"]
[SourceQuality "1"]

1. Nf3 d5 2. g3 Nf6 3. Bg2 c5 4. 0-0 Nc6 5. d4 e6 6. c3 Be7 7. c4 0-0 8. cxd5 exd5 9. Nc3 h6 10. b3 Bg4 11. Bb2 cxd4 12. Nxd4 Qd7 13. Rc1 Rac8 14. Nxc6 bxc6 15. Na4 Rfe8 16. Qd2 Bh3 17. Rfe1 Bxg2 18. Bxf6 Bxf6 19. Kxg2 Bg5 20. e3 d4 21. Qd3 c5 22. Rxc5 Rxc5 23. Nxc5 Qd5+ 24. f3 Qxc5 25. exd4 Qc8 26. Rxe8+ Qxe8 27. f4 Bd8 28. Kf2 Qd7 29. Ke3 Bb6 30. Qc3 h5 31. Qd3 g6 0-1

[Event "SM-2012-0-00232"]
[Site "LSS email"]
[Date "2012.12.21"]
[Round "?"]
[White "Ivanov, Valerij"]
[Black "Steinke, Ruediger"]
[Result "1/2-1/2"]
[WhiteElo "2271"]
[BlackElo "2223"]
[PlyCount "97"]
[EventDate "2012.11.16"]
[EventType "tourn (corr)"]
[EventRounds "6"]
[EventCountry "GER"]
[SourceTitle "Telechess CBM 163"]
[Source "ChessBase"]
[SourceDate "2014.11.11"]
[SourceVersion "2"]
[SourceVersionDate "2014.11.11"]
[SourceQuality "1"]

1. e4 e5 2. Nf3 Nc6 3. Bb5 a6 4. Ba4 Nf6 5. 0-0 Be7 6. Bxc6 dxc6 7. d3 Bg4 8. h3 Bxf3 9. Qxf3 Qd6 10. Nd2 Nd7 11. Nc4 Qe6 12. a4 0-0 13. Ne3 Bg5 14. a5 Bxe3 15. Qxe3 c5 16. b3 b5 17. f4 f6 18. f5 Qd6 19. Qf2 Rab8 20. Be3 Kh8 21. Kh2 Rfe8 22. Rg1 Kg8 23. Rad1 Rf8 24. h4 Kf7 25. Qe2 Ke7 26. Rgf1 Rbe8 27. Qg4 Rg8 28. Qh5 Rh8 29. Rd2 Kd8 30. g3 Re7 31. c3 Kc8 32. Rc1 Kb7 33. Kg2 Qc6 34. b4 c4 35. Qf3 Nb8 36. Bc5 Rd7 37. d4 exd4 38. cxd4 Ka8 39. d5 Qb7 40. Rcd1 Re8 41. Re2 h6 42. Be3 Rf7 43. Bf4 Nd7 44. Qh5 Rff8 45. Qg6 Rg8 46. Qf7 Qc8 47. Qh5 Kb7 48. Kh2 Ref8 49. Red2 1/2-1/2

[Event "CP-2012-P-00052"]
[Site "LSS email"]
[Date "2012.10.01"]
[Round "?"]
[White "Kukula, Pawel"]
[Black "Ivanov, Valerij"]
[Result "0-1"]
[WhiteElo "2086"]
[BlackElo "2271"]
[PlyCount "66"]
[EventDate "2012.10.05"]
[EventType "tourn (corr)"]
[EventRounds "6"]
[EventCountry "GER"]
[SourceTitle "Telechess CBM 161"]
[Source "ChessBase"]
[SourceDate "2014.07.16"]
[SourceVersion "1"]
[SourceVersionDate "2014.07.16"]
[SourceQuality "1"]

1. d4 d5 2. c4 e6 3. Nc3 Nf6 4. cxd5 exd5 5. Bg5 c6 6. Qc2 h6 7. Bh4 Be6 8. e3 Nbd7 9. Bd3 g5 10. Bg3 Nh5 11. Nge2 Nxg3 12. Nxg3 h5 13. Nf5 Qf6 14. h4 gxh4 15. Nxh4 0-0-0 16. 0-0-0 Bb4 17. Kb1 Bxc3 18. bxc3 Kb8 19. Ka1 c5 20. Rb1 Rc8 21. a4 Rhg8 22. a5 Rg4 23. Nf5 cxd4 24. exd4 Qd8 25. a6 Qa5+ 26. Kb2 Rc6 27. Ne3 Rxd4 28. cxd4 Nb6 29. Rxh5 Rxc2+ 30. Kxc2 Qa4+ 31. Kc3 Qa2 32. Rhh1 Na4+ 33. Kb4 b6 0-1

[Event "BI-2012-P-00023"]
[Site "LSS email"]
[Date "2012.04.20"]
[Round "?"]
[White "Ivanov, Valerij"]
[Black "Albesa, Alfredo Ricardo"]
[Result "1-0"]
[WhiteElo "2252"]
[BlackElo "1637"]
[PlyCount "91"]
[EventDate "2012.04.22"]
[EventType "tourn (corr)"]
[EventRounds "10"]
[EventCountry "GER"]
[SourceTitle "Telechess CBM 159"]
[Source "ChessBase"]
[SourceDate "2014.03.17"]
[SourceVersion "1"]
[SourceVersionDate "2014.03.17"]
[SourceQuality "1"]

1. e4 c6 2. d4 d5 3. Nc3 dxe4 4. Nxe4 Nd7 5. Nf3 Ngf6 6. Nc3 Nb6 7. h3 g6 8. Bd3 Bg7 9. 0-0 0-0 10. Re1 Be6 11. Bg5 Re8 12. b3 a5 13. Ne2 h6 14. Bf4 Nbd5 15. Be5 Nb4 16. Nf4 Bc8 17. c4 Nxd3 18. Nxd3 Bf5 19. Nc5 Qc8 20. Nh4 Bd7 21. Na4 Ra6 22. Rc1 Rd8 23. Nf3 Bf5 24. Qe2 Bd7 25. Bh2 Bf8 26. Qe3 b6 27. Bf4 g5 28. Bh2 Bf5 29. Ne5 Bh7 30. Rcd1 Bc2 31. Rd2 Bf5 32. Qf3 b5 33. Nc5 Rb6 34. Qc3 bxc4 35. g4 Bh7 36. bxc4 Rb4 37. f4 gxf4 38. Bxf4 Rd6 39. Qe3 Rb1 40. Rxb1 Bxb1 41. Rb2 Bh7 42. a4 Qe8 43. Rb7 Qd8 44. Na6 Qe8 45. Rb8 Rd8 46. Nc7 1-0

[Event "BI-2012-P-00023"]
[Site "LSS email"]
[Date "2012.04.20"]
[Round "?"]
[White "Ivanov, Valerij"]
[Black "Kolanek, Roman"]
[Result "1-0"]
[WhiteElo "2252"]
[BlackElo "2042"]
[PlyCount "73"]
[EventDate "2012.04.22"]
[EventType "tourn (corr)"]
[EventRounds "10"]
[EventCountry "GER"]
[SourceTitle "Telechess CBM 159"]
[Source "ChessBase"]
[SourceDate "2014.03.17"]
[SourceVersion "1"]
[SourceVersionDate "2014.03.17"]
[SourceQuality "1"]

1. d4 d5 2. c4 Nf6 3. Nf3 e6 4. Nc3 Be7 5. Bf4 0-0 6. e3 a6 7. Qc2 Nc6 8. a3 Nh5 9. Bg3 g6 10. b4 Nxg3 11. hxg3 Bf6 12. Rd1 Bg7 13. g4 Ne7 14. c5 Nc6 15. Be2 h6 16. Kf1 b6 17. Ne1 bxc5 18. bxc5 Rb8 19. f4 Ne7 20. Kg1 f6 21. g3 Qe8 22. Nf3 Qf7 23. Nh4 Re8 24. Bd3 f5 25. Re1 Rd8 26. gxf5 exf5 27. Kf2 Bb7 28. Rb1 Bc6 29. Bxa6 Ra8 30. Qe2 Be8 31. a4 Qe6 32. Bb7 Ra7 33. Qa2 Bc6 34. Bxc6 Nxc6 35. Nb5 Rb7 36. Nf3 Kh7 37. Ng5+ 1-0

[Event "BI-2012-P-00023"]
[Site "LSS email"]
[Date "2012.04.20"]
[Round "?"]
[White "Owens, Johnny"]
[Black "Ivanov, Valerij"]
[Result "0-1"]
[WhiteElo "1901"]
[BlackElo "2252"]
[PlyCount "156"]
[EventDate "2012.04.22"]
[EventType "tourn (corr)"]
[EventRounds "10"]
[EventCountry "GER"]
[SourceTitle "Telechess CBM 159"]
[Source "ChessBase"]
[SourceDate "2014.03.17"]
[SourceVersion "1"]
[SourceVersionDate "2014.03.17"]
[SourceQuality "1"]

1. d4 Nf6 2. Nf3 d5 3. Bf4 c5 4. c3 e6 5. e3 Nc6 6. Bb5 Qb6 7. Qe2 a6 8. Bxc6+ bxc6 9. 0-0 a5 10. Qc2 Be7 11. Nbd2 0-0 12. Rfc1 Nd7 13. c4 Ba6 14. Ne5 Nxe5 15. Bxe5 Rfc8 16. Nb3 cxd4 17. c5 Qd8 18. exd4 a4 19. Nd2 Be2 20. Qc3 Qa5 21. Qg3 f6 22. Bf4 Bh5 23. Qe3 Bf7 24. Nf3 Re8 25. Bd6 Ra7 26. Ne1 Qb5 27. b4 Qxb4 28. Rab1 Qa5 29. h3 Rd7 30. Nd3 Qa7 31. Bxe7 Rdxe7 32. Rb6 Qd7 33. Nb4 e5 34. Rxc6 exd4 35. Qf3 Re4 36. Rd6 Qe7 37. a3 h5 38. Qd1 d3 39. Nxd3 Rd4 40. Qf3 Qc7 41. Ra6 Kh7 42. c6 Rc4 43. Qd1 Bg6 44. Nb4 Qf4 45. Ra1 Rd4 46. Qf3 Qd2 47. Rf1 Re1 48. Rxe1 Qxe1+ 49. Kh2 Rd1 50. c7 Qg1+ 51. Kg3 Rd4 52. Qxh5+ Bxh5 53. c8Q Rc4 54. Qf5+ Bg6 55. Qf3 Qe1 56. Kh2 Qe5+ 57. Qg3 Qxg3+ 58. Kxg3 d4 59. Kf4 d3+ 60. Ke3 Re4+ 61. Kd2 Re2+ 62. Kc3 Rxf2 63. Nxd3 Bxd3 64. Kxd3 Rxg2 65. Rxa4 Rg3+ 66. Ke4 Kg6 67. Ra5 Rxh3 68. a4 Rh4+ 69. Kd3 f5 70. Kc3 Rh3+ 71. Kd4 Ra3 72. Ra8 Kg5 73. Ra7 Kf4 74. Rxg7 Rxa4+ 75. Kc3 Ke3 76. Re7+ Re4 77. Rd7 f4 78. Rd3+ Kf2 0-1

[Event "BI-2012-P-00023"]
[Site "LSS email"]
[Date "2012.04.20"]
[Round "?"]
[White "Veiseh, David"]
[Black "Ivanov, Valerij"]
[Result "1/2-1/2"]
[WhiteElo "1967"]
[BlackElo "2252"]
[PlyCount "87"]
[EventDate "2012.04.22"]
[EventType "tourn (corr)"]
[EventRounds "10"]
[EventCountry "GER"]
[SourceTitle "Telechess CBM 159"]
[Source "ChessBase"]
[SourceDate "2014.03.17"]
[SourceVersion "1"]
[SourceVersionDate "2014.03.17"]
[SourceQuality "1"]

1. e4 c5 2. Nf3 Nc6 3. d4 cxd4 4. Nxd4 g6 5. Nc3 Bg7 6. Be3 Nf6 7. Nxc6 bxc6 8. e5 Ng8 9. Bd4 Qc7 10. e6 Nf6 11. exf7+ Kxf7 12. Be2 d5 13. Na4 e5 14. Be3 Re8 15. 0-0 Kg8 16. c3 Rb8 17. b3 Bf8 18. b4 a5 19. a3 Be6 20. Qd2 Ne4 21. Qc2 c5 22. f3 cxb4 23. fxe4 d4 24. axb4 axb4 25. Bg5 bxc3 26. Rab1 Rxb1 27. Rxb1 h6 28. Bh4 Rb8 29. Bd1 Bb4 30. Be2 Bd6 31. Rxb8+ Qxb8 32. Bd1 Qa7 33. Qd3 Kg7 34. h3 Qc7 35. Be1 Bb4 36. Bg3 Qa5 37. Bc2 Be7 38. Kh2 Bf7 39. Be1 h5 40. Qg3 h4 41. Qd3 Bg5 42. g3 hxg3+ 43. Bxg3 Be7 44. Kg2 1/2-1/2

[Event "BI-2011-F-00005"]
[Site "LSS email"]
[Date "2012.02.12"]
[Round "?"]
[White "Ivanov, Valerij"]
[Black "Kele, Karoly"]
[Result "1-0"]
[WhiteElo "2252"]
[BlackElo "1989"]
[PlyCount "79"]
[EventDate "2012.02.15"]
[EventType "tourn (corr)"]
[EventRounds "10"]
[EventCountry "GER"]
[SourceTitle "Telechess CBM 159"]
[Source "ChessBase"]
[SourceDate "2014.03.17"]
[SourceVersion "1"]
[SourceVersionDate "2014.03.17"]
[SourceQuality "1"]

1. e4 c5 2. Nf3 d6 3. d4 cxd4 4. Nxd4 Nf6 5. Nc3 a6 6. Be3 e6 7. f3 b5 8. Qd2 Nbd7 9. 0-0-0 Bb7 10. a3 Rc8 11. g4 h6 12. h4 Nb6 13. Be2 Nfd7 14. Kb1 Ne5 15. b3 d5 16. Ncxb5 axb5 17. Bxb5+ Nbd7 18. Bf4 Ng6 19. exd5 Bxd5 20. Rhe1 Nxf4 21. Qxf4 Qc7 22. Qc1 Be7 23. c4 Bxh4 24. cxd5 Bxe1 25. Qxc7 Rxc7 26. Rxe1 0-0 27. dxe6 fxe6 28. Nxe6 Re8 29. Re4 Rb7 30. Bc4 Kh8 31. Kb2 Nb6 32. Bb5 Reb8 33. a4 Nc8 34. Nc5 Re7 35. Kc3 Rxe4 36. fxe4 g6 37. Be2 Kg7 38. b4 Kf7 39. b5 Ke7 40. Na6 1-0

[Event "BI-2011-F-00005"]
[Site "LSS email"]
[Date "2012.02.12"]
[Round "?"]
[White "Ivanov, Valerij"]
[Black "Nemec, Zdenek"]
[Result "1/2-1/2"]
[WhiteElo "2252"]
[BlackElo "2224"]
[PlyCount "53"]
[EventDate "2012.02.15"]
[EventType "tourn (corr)"]
[EventRounds "10"]
[EventCountry "GER"]
[SourceTitle "Telechess CBM 159"]
[Source "ChessBase"]
[SourceDate "2014.03.17"]
[SourceVersion "1"]
[SourceVersionDate "2014.03.17"]
[SourceQuality "1"]

1. e4 c5 2. Nf3 d6 3. Bb5+ Nd7 4. 0-0 Ngf6 5. d3 g6 6. Bc4 Bg7 7. Nc3 0-0 8. h3 a6 9. a4 b6 10. Bf4 Bb7 11. Qd2 Qc7 12. Rfe1 e6 13. Rab1 Rfe8 14. Bh2 Bc6 15. b4 cxb4 16. Rxb4 Ne5 17. Nxe5 dxe5 18. Reb1 Nd7 19. R4b2 Reb8 20. Bg3 Nc5 21. Ra2 Be8 22. Bh4 Nxa4 23. Nxa4 b5 24. Bxe6 bxa4 25. Rxb8 Rxb8 26. Bd5 Bf8 27. Bg3 1/2-1/2

[Event "BI-2011-F-00005"]
[Site "LSS email"]
[Date "2012.02.12"]
[Round "?"]
[White "Meissner, Ruediger"]
[Black "Ivanov, Valerij"]
[Result "0-1"]
[WhiteElo "2053"]
[BlackElo "2252"]
[PlyCount "106"]
[EventDate "2012.02.15"]
[EventType "tourn (corr)"]
[EventRounds "10"]
[EventCountry "GER"]
[SourceTitle "Telechess CBM 159"]
[Source "ChessBase"]
[SourceDate "2014.03.17"]
[SourceVersion "1"]
[SourceVersionDate "2014.03.17"]
[SourceQuality "1"]

1. d4 Nf6 2. Nf3 d5 3. e3 c5 4. c3 e6 5. Bd3 b6 6. Nbd2 Bb7 7. Ne5 Bd6 8. f4 0-0 9. Qf3 Qc7 10. g4 Ba6 11. Bxa6 Nxa6 12. g5 Nd7 13. Qh5 Rac8 14. 0-0 f6 15. g6 h6 16. Nf7 f5 17. Nf3 Nf6 18. Qh3 cxd4 19. exd4 Nb8 20. N3g5 Rfe8 21. Rf3 Nbd7 22. Ne5 Ne4 23. Ngf7 b5 24. a3 Nb6 25. Qf1 Nc4 26. Rh3 a5 27. Qe2 Qb7 28. Nd3 Bf8 29. Qd1 Rc7 30. Qh5 Rec8 31. Kg2 Qb6 32. Qh4 Ra7 33. Qe1 b4 34. axb4 axb4 35. Rxa7 Qxa7 36. cxb4 Qxd4 37. Qg1 Qf6 38. Kh1 d4 39. b3 Ncd6 40. Nfe5 Nb5 41. Rf3 Qd8 42. Nc4 Nbc3 43. Bb2 Rb8 44. Qa1 Ra8 45. Qe1 Ra2 46. Nc1 Ra7 47. Nd3 Qa8 48. Qf1 Ra2 49. Kg1 Qb7 50. Qg2 Bxb4 51. Rf1 Nd5 52. Ra1 Rxa1+ 53. Bxa1 Nc5 0-1

[Event "WC-2016-P-00001"]
[Site "LSS email"]
[Date "2012.02.12"]
[Round "?"]
[White "Vontina, Maria"]
[Black "Ivanov, Valerij"]
[Result "0-1"]
[WhiteElo "684"]
[BlackElo "2258"]
[PlyCount "72"]
[EventDate "2012.02.15"]
[EventType "tourn (corr)"]
[EventRounds "10"]
[EventCountry "GER"]
[SourceTitle "Telechess CBM 159"]
[Source "ChessBase"]
[SourceDate "2014.03.17"]
[SourceVersion "1"]
[SourceVersionDate "2014.03.17"]
[SourceQuality "1"]

1. e4 e5 2. Nf3 Nc6 3. Bb5 a6 4. Ba4 Nf6 5. 0-0 b5 6. Bb3 Bb7 7. c3 Bd6 8. Re1 0-0 9. h3 Re8 10. d3 Na5 11. Bc2 c5 12. Bg5 h6 13. Bh4 Nc6 14. Nbd2 Be7 15. a4 Nh5 16. Bxe7 Qxe7 17. axb5 axb5 18. Nf1 Rxa1 19. Qxa1 d6 20. Ne3 Nf6 21. Nf5 Qc7 22. Qd1 Ne7 23. Ng3 Ng6 24. b3 Nf4 25. Nf5 Ra8 26. Qb1 b4 27. Qb2 Ba6 28. d4 Ne2+ 29. Kh2 bxc3 30. Qb1 cxd4 31. Rd1 d5 32. exd5 Nxd5 33. Ne1 e4+ 34. Kh1 d3 35. Bxd3 exd3 36. Nxd3 c2 0-1

[Event "LSS No Engine Cup 40 Final"]
[Site "LSS email"]
[Date "2011.12.05"]
[Round "?"]
[White "Molano Lafuente, Ismael"]
[Black "Ivanov, Valerij"]
[Result "1/2-1/2"]
[WhiteElo "1033"]
[BlackElo "2237"]
[PlyCount "36"]
[EventDate "2011.12.06"]
[EventType "tourn (corr)"]
[EventRounds "6"]
[EventCountry "GER"]
[SourceTitle "Telechess CBM 155"]
[Source "ChessBase"]
[SourceDate "2013.07.16"]
[SourceVersion "1"]
[SourceVersionDate "2013.07.16"]
[SourceQuality "1"]

1. e4 c5 2. Nf3 d6 3. d4 cxd4 4. Nxd4 Nf6 5. Nc3 a6 6. Be3 e5 7. Nb3 Be6 8. f3 Nbd7 9. Qd2 Be7 10. 0-0-0 b5 11. g4 h6 12. Kb1 Nb6 13. Qf2 Nfd7 14. h4 Nc4 15. Bxc4 bxc4 16. Nc1 Rb8 17. N1e2 Qa5 18. Bc1 0-0 1/2-1/2

[Event "LSS No Engine Cup 40 Final"]
[Site "LSS email"]
[Date "2011.12.05"]
[Round "?"]
[White "Tkachenko, Oleg Pavlovich"]
[Black "Ivanov, Valerij"]
[Result "1/2-1/2"]
[WhiteElo "1881"]
[BlackElo "2237"]
[PlyCount "20"]
[EventDate "2011.12.06"]
[EventType "tourn (corr)"]
[EventRounds "6"]
[EventCountry "GER"]
[SourceTitle "Corr 2015"]
[Source "ChessBase"]
[SourceDate "2015.07.17"]
[SourceVersion "1"]
[SourceVersionDate "2015.07.17"]
[SourceQuality "1"]

1. d4 Nf6 2. c4 e6 3. Nf3 d5 4. Bg5 h6 5. Bh4 g5 6. Bg3 Ne4 7. Nc3 Nc6 8. e3 h5 9. Qc2 Rh6 10. cxd5 exd5 1/2-1/2